Datum a čas kvízu
30.5
Celkem bodů
Celkový počet nahraných bodů na tomto kvízu bez doplňovacích otázek.
4.
Pořadí na kvízu
Konečné umístění týmu na tomto kvízu.
Zaznamenané odpovědi
| # | Otázka | Odpověď | Body | Výsledky |
|---|---|---|---|---|
| 1. | Jedna z cestujících vlakem Čes... | houby | 0 | |
| 2. | Britská televize Sky News minu... | nevysílá zprávy o brexitu | 0 | |
| 3. | Jistá americká herečka si minu... | Jennifer Anistonová | 1 | |
| 4. | Nový obal, ve kterém chce znám... | Carlsberg | 0 | |
| 5. | Italský fotbalový klub, který... | Palermo | 1 | |
| 6. | V tomto tématu budeme tak troc... | Gioacchino | 0 | |
| 7. | Zůstaneme ještě u vážné hudby.... | Johann Sebastian | 1 | |
| 8. | Americký herec s řeckými kořen... | C | 1 | |
| 9. | Město, které loni hostilo zimn... | D | 1 | |
| 10. | Zapište správně název zmrzliny... | stracciatella | 1 |